| 000 | 01262nam a2200265 i 4500 | ||
|---|---|---|---|
| 001 | 154832 | ||
| 003 | ES-MaACL | ||
| 005 | 20230906205852.0 | ||
| 008 | 980113s1884 sp |||| |dspa d | ||
| 080 | _a929(460)"19":78 | ||
| 080 | _a929(460)"19":792.071.2 | ||
| 080 | _a929(460)"19":82-1 | ||
| 100 | 1 |
_aGuaza y Gómez-Talavera, Carlos. _9127595 |
|
| 245 | 1 | 0 |
_aMúsicos, poetas y actores _b: colección de estudios crítico-biográficos de Salinas, Morales, Victoria, Eslava, Ledesma, Masarnau, García Gutiérrez, Hartzenbusch, Ayala, Maíquez, La Torre y Roméa / _cpor Carlos Guaza y Gómez-Talavera y Antonio Guerra y Alarcón. |
| 260 |
_aMadrid : _b[s.n.], _c1884 ( _fImp. de F. Maroto e Hijos) |
||
| 300 |
_a283 p. ; _c23 cm. |
||
| 530 | _aDisponible en formato digital. | ||
| 594 | _aPrecede al tít., en cub.: Biblioteca artística. | ||
| 650 | 4 |
_aMúsicos- _zEspaña. _9145555 |
|
| 650 | 4 |
_aPoetas españoles- _yS.XIX. _9163280 |
|
| 650 | 4 |
_aActores- _zEspaña- _yS.XIX. _9145556 |
|
| 700 | 1 |
_aGuerra y Alarcón, Antonio. _9127603 |
|
| 852 |
_aES-MaACL _jF-12339 _z- Enc. hol., conservando cub. original _x- Posible duplicado del CCPB000290414-4 |
||
| 856 |
_uhttp://bdh-rd.bne.es/viewer.vm?id=0000092013&page=1 _zBiblioteca Digital Hispánica |
||
| 999 |
_c154832 _d154832 |
||